The oceans atlas

Bibliographic Details
Main Author: Wells, Susan
Format: Book
Published: Oxford : Oxford University Press , 1992
Subjects:

MARC

LEADER 00000cam a2200000 7i4500
001 0000006439
002 000006948
005 20000330.0
020 |a 0199100519 
090 0 0 |a J 912   |b WEL 
100 1 |a Wells, Susan 
245 1 4 |a The oceans atlas   |c Susan Wells 
260 |a Oxford :   |b Oxford University Press ,   |c 1992 
300 |a 64p. ;   |c 28cm. 
650 0 0 |a Oceans   |x Atlases 
999 |a 038021   |b BUKU   |c PINJAMAN   |e PERPUSTAKAAN KOMUNITI PETALING JAYA